000 01114nam a2200301Ia 4500
003 OSt
005 20221005111929.0
006 a|||||r|||| 00| 0
007 ta
008 221004b |||||||| |||| 00| 0 san d
020 _cINR 50.00
024 _a36202
037 _b1514, 26/02/2018, Bright Book Service
_cTextual
040 _aCRL
_cCRL
_bsan
041 _2san
_asan
082 _aP15,Cx1,1,7, 152Q5
100 _aपाणिनी, ले.
245 0 _aधातुपाठ
246 _aDhātupāṭha:
260 _aवाराणसी
_bचौखम्बा सुरभारती प्रकाशन भारत
_c2015
300 _a129पृ0
_ccm.
490 _aचौखम्बा सुरभारती ग्रन्थमाला; 311
650 _a संस्कृत भाषा
650 _a संस्कृत भाषा-व्याकरण
_9159257
650 _aपाणिनी
942 _hP15,Cx1,1,7, 152Q5
_cTEXL
_2cc
999 _c1023339
_d1023339